<?xml version="1.0" encoding="UTF-8"?>
<record
    xmlns:xsi="http://www.w3.org/2001/XMLSchema-instance"
    xsi:schemaLocation="http://www.loc.gov/MARC21/slim http://www.loc.gov/standards/marcxml/schema/MARC21slim.xsd"
    xmlns="http://www.loc.gov/MARC21/slim">

  <leader>01081nam a2200325 i 4500</leader>
  <controlfield tag="001">214264</controlfield>
  <controlfield tag="003">OSt</controlfield>
  <controlfield tag="005">20180921</controlfield>
  <controlfield tag="008">0000002013                             AD  0000000000spa00</controlfield>
  <datafield tag="245" ind1=" " ind2=" ">
    <subfield code="a">Programa de Alfabetizaci&#xF3;n para adolescentes y adultos del Municipio Hato Mayor del Rey 2013</subfield>
    <subfield code="c">Darlin Augusto Mercedes Quezada ... [et al.] ; asesores Betty del Villar Pichardo, Mar&#xED;a D&#xED;az Sol&#xED;s</subfield>
  </datafield>
  <datafield tag="260" ind1=" " ind2=" ">
    <subfield code="a">San Pedro de Macor&#xED;s :</subfield>
    <subfield code="b">Universidad Central del Este</subfield>
  </datafield>
  <datafield tag="300" ind1=" " ind2=" ">
    <subfield code="a">1 v. (en varias paginaciones)</subfield>
  </datafield>
  <datafield tag="502" ind1=" " ind2=" ">
    <subfield code="a">Tesis (Licenciado en Educaci&#xF3;n, Menci&#xF3;n Ciencias F&#xED;sicas y Matem&#xE1;ticas) -- Universidad Central del Este, 2013</subfield>
  </datafield>
  <datafield tag="504" ind1=" " ind2=" ">
    <subfield code="a">Incluye bibliograf&#xED;a e &#xED;ndice</subfield>
  </datafield>
  <datafield tag="505" ind1=" " ind2=" ">
    <subfield code="a">Monogr&#xE1;fico : Programa de alfabetizaci&#xF3;n de j&#xF3;venes y adultos mediante el plan de alfabetizaci&#xF3;n Quisqueya Aprende Contigo y la Universidad Central del Este</subfield>
  </datafield>
  <datafield tag="650" ind1=" " ind2=" ">
    <subfield code="a">Alfabetismo</subfield>
    <subfield code="a">Alfabetizaci&#xF3;n (Educaci&#xF3;n</subfield>
    <subfield code="a">Alfabetizaci&#xF3;n de adultos</subfield>
    <subfield code="a">Lectura para reci&#xE9;n alfabetizados</subfield>
    <subfield code="a">TC6574</subfield>
    <subfield code="a">Tesis y disertaciones acad&#xE9;micas</subfield>
  </datafield>
  <datafield tag="700" ind1=" " ind2=" ">
    <subfield code="a">D&#xED;az Sol&#xED;s, Mar&#xED;a, ases</subfield>
    <subfield code="a">Reyes Mej&#xED;a, Juan Andr&#xE9;s</subfield>
    <subfield code="a">Reyes Silvestre, Francis Lilibeth Argentina</subfield>
    <subfield code="a">V&#xE1;squez Diroci&#xE9;, Adalfilia</subfield>
    <subfield code="a">Villar Pichardo, Betty del, ases</subfield>
  </datafield>
  <datafield tag="040" ind1=" " ind2=" ">
    <subfield code="a">DLC</subfield>
    <subfield code="c">DLC</subfield>
  </datafield>
  <datafield tag="942" ind1=" " ind2=" ">
    <subfield code="2">ddc</subfield>
    <subfield code="c">TH</subfield>
  </datafield>
  <datafield tag="999" ind1=" " ind2=" ">
    <subfield code="c">214264</subfield>
    <subfield code="d">21426400</subfield>
  </datafield>
  <datafield tag="952" ind1=" " ind2=" ">
    <subfield code="0">0</subfield>
    <subfield code="1">0</subfield>
    <subfield code="2">ddc</subfield>
    <subfield code="4">0</subfield>
    <subfield code="7">0</subfield>
    <subfield code="a">1</subfield>
    <subfield code="b">1</subfield>
    <subfield code="d">2018-08-17</subfield>
    <subfield code="o">T 374.012 P964al 2013</subfield>
    <subfield code="y">TH</subfield>
  </datafield>
  <datafield tag="952" ind1=" " ind2=" ">
    <subfield code="0">0</subfield>
    <subfield code="1">0</subfield>
    <subfield code="2">ddc</subfield>
    <subfield code="4">0</subfield>
    <subfield code="7">0</subfield>
    <subfield code="a">1</subfield>
    <subfield code="b">1</subfield>
    <subfield code="d">2018-08-17</subfield>
    <subfield code="o">T 374.012 P964al 2013</subfield>
    <subfield code="y">TH</subfield>
  </datafield>
</record>
